| 000 | 00402pab a2200157 454500 | ||
|---|---|---|---|
| 008 | 180718b2003 xxu||||| |||| 00| 0 eng d | ||
| 100 | _aBechtold, Brigitte | ||
| 245 | _aRecent developments in economic methodology | ||
| 260 | _c2003 | ||
| 300 | _ap.312-19. | ||
| 362 | _aSummer | ||
| 650 | _aMethodology | ||
| 650 | _aEconomics | ||
| 773 | _aReview of Radical Political Economics | ||
| 909 | _a58303 | ||
| 999 |
_c58303 _d58303 |
||